000 00390nam a2200145 i 4500
001 80897
003 ES-MaACL
007 t|
008 041102s1906 be ||||1| fre d
100 1 _aHouze, Emile.
_964369
245 1 2 _aL'Aryen et l'Anthroposociologie /
_cpar Emile Houze.
260 _aBruxelles :
_bMisch et Throu,
_c1906.
300 _a117 p. ;
_c27 cm.
852 _aES-MaACL
_jG-13990
999 _c80897
_d80897